| 000 | 00558nam a22001937a 4500 | ||
|---|---|---|---|
| 003 | OSt | ||
| 005 | 20150413174136.0 | ||
| 008 | 140626b xxu||||| |||| 00| 0 eng d | ||
| 020 | _a185315508x | ||
| 040 | _c040a | ||
| 082 |
_awo-141 R25c 2002 _bR 25 c |
||
| 100 |
_aColin Johnson _964 |
||
| 245 | _aRecent Advances in Surgery 25 | ||
| 260 |
_aLondon, Uk _bThe Royal Society Of Medicine Press Limited _c2002 |
||
| 300 |
_aill: _b1x ; 229 p . _c23 cm |
||
| 504 | _aIncludes bibliographical, Illustration and indexes. | ||
| 650 |
_aSugery _965 |
||
| 942 |
_2z _cSLOAN |
||
| 999 |
_c23 _d23 |
||